Series de Fourier y problemas de contorno
Gespeichert in:
| 1. Verfasser: | |
|---|---|
| Format: | Buch |
| Sprache: | Spanisch |
| Veröffentlicht: |
Ciudad de México
McGraw-Hill
1977
|
| Ausgabe: | 2a. ed |
| Schlagworte: | |
| Tags: |
Tag hinzufügen
Keine Tags, Fügen Sie den ersten Tag hinzu!
|
MARC
| LEADER | 00000nam a2200000 a 4500 | ||
|---|---|---|---|
| 001 | UCQ9523 | ||
| 003 | CL-VaPUC | ||
| 008 | 990112e19770000MX |||||||||||||||||spa|d | ||
| 082 | 0 | 4 | |a 515.243 |b CHU |2 21 |
| 100 | 0 | |a Churchill, Ruel Vance |e author |9 424123 | |
| 245 | 1 | 0 | |a Series de Fourier y problemas de contorno |
| 250 | |a 2a. ed | ||
| 300 | |a 256 p | ||
| 942 | |c BK | ||
| 945 | |d 19990112 00:00:00 |a crobeson | ||
| 260 | |a Ciudad de México |b McGraw-Hill |c 1977 | ||
| 650 | 0 | |a Series de Fourier |9 260465 | |
| 650 | 0 | |a Problemas de valores de contorno |9 304988 | |
| 650 | 0 | |a Funciones ortogonales |9 304986 | |
| 583 | |a last modification |c 20111011 03:33:19 |k Rodrigo Vera | ||
| 999 | |c 278523 |d 278521 | ||
| 952 | |0 0 |1 0 |4 0 |6 515_243000000000000_CHU_1977 |7 0 |8 A |9 317121 |a BIBMAT |b BIBMAT |d 2019-11-20 |i 1315617 |o 515.243 CHU 1977 |p 1315617 |r 2025-01-07 |w 2019-11-20 |y BK |k MAT | ||